Les 200 villes les plus peuplées de France - Statistiques

Statistiques générales
  • Ce quiz a été pris 375 fois
  • Le résultat moyen est 97 sur 200
Statistiques - réponses
Population Réponse Département % Correct
873 076 Marseille 13
99%
2 133 111 Paris 75
99%
522 250 Lyon 69
98%
261 804 Bordeaux 33
96%
236 710 Lille 59
96%
504 078 Toulouse 31
96%
323 294 Nantes 44
94%
348 085 Nice 06
94%
291 313 Strasbourg 67
92%
225 081 Rennes 35
90%
302 454 Montpellier 34
89%
139 619 Brest 29
87%
179 380 Reims 51
83%
172 718 Saint Étienne 42
83%
180 452 Toulon 83
83%
157 477 Grenoble 38
82%
154 765 Saint Denis de la Réunion 97-4
81%
113 942 Saint Denis en France 93
81%
108 200 Caen 14
80%
159 346 Dijon 21
80%
166 058 Le Havre 76
80%
120 874 Metz 57
80%
133 625 Amiens 80
79%
157 175 Angers 49
78%
147 327 Clermont Ferrand 63
78%
114 083 Rouen 76
78%
104 260 Nancy 54
76%
148 104 Nîmes 30
76%
116 617 Orléans 45
75%
83 587 Versailles 78
74%
86 788 Dunkerque 59
73%
54 952 La Roche-sur-Yon 85
73%
137 658 Tours 37
73%
147 478 Aix-en-Provence 13
72%
131 715 Annecy 74
72%
73 255 Cannes 06
72%
64 483 Valence 26
72%
119 656 Perpignan 66
71%
73 822 Ajaccio 2A
70%
129 760 Limoges 87
70%
98 892 Roubaix 59
70%
156 928 Villeurbanne 69
70%
119 198 Besançon 25
68%
119 808 Boulogne Billancourt 92
68%
40 086 Boulogne sur mer 62
68%
78 535 La Rochelle 17
68%
48 768 Bastia 2B
67%
77 066 Pau 64
67%
90 240 Poitiers 86
67%
90 330 Avignon 84
66%
67 380 Calais 62
66%
41 525 Bourg en Bresse 01
65%
57 846 Lorient 56
65%
145 004 Le Mans 72
63%
106 341 Mulhouse 68
63%
97 151 Nanterre 92
63%
63 642 Quimper 29
63%
52 749 Bayonne 64
62%
67 730 Colmar 68
62%
99 011 Tourcoing 59
61%
92 289 Créteil 94
60%
66 177 Évry-Courcouronnes 91
59%
62 782 Troyes 10
59%
54 420 Vannes 56
59%
77 808 Cherbourg-en-Cotentin 50
58%
80 341 Béziers 34
57%
59 856 Chambéry 74
57%
74 921 Fort de France 972
57%
56 395 Narbonne 11
57%
111 455 Montreuil 93
54%
47 323 Saint Malo 35
54%
72 057 Saint Nazaire 44
54%
61 919 Montauban 82
53%
59 309 Niort 79
53%
63 468 Cayenne 973
52%
107 221 Argenteuil 95
51%
56 677 Beauvais 60
51%
68 348 Cergy 95
51%
64 009 Ivry-sur-Seine 94
51%
42 991 Valenciennes 59
51%
50 415 Arles 13
50%
90 171 Aubervilliers 93
50%
63 701 Bourges 18
50%
46 218 Carcassonne 10
50%
84 077 Saint Pierre 97-4
50%
49 657 Laval 53
49%
59 268 Neuilly-sur-Seine 92
49%
49 714 Albi 81
48%
75 130 Antibes 06
48%
46 813 Blois 41
48%
55 056 Bobigny 93
48%
43 877 Châlons en Champagne 51
48%
45 031 Châlon sur Saône 71
48%
40 500 Gap 05
48%
68 580 Issy-les-Moulineaux 92
48%
72 437 Mamoudzou 976
48%
40 910 Angoulême 16
47%
42 600 Arras 59
47%
45 155 Belfort 90
47%
42 968 Châteauroux 36
47%
62 067 Villeneuve d'Ascq 59
47%
88 870 Colombes 92
46%
57 082 Fréjus 83
46%
75 726 Merignac 33
46%
105 240 Saint Paul 97-4
46%
52 958 Saint Quentin 02
46%
47 289 Evreux 28
45%
42 367 Melun 77
45%
43 955 Tarbes 65
45%
46 599 Brive-la-Gaillarde 19
44%
55 103 Hyeres 83
44%
68 009 Levallois-Perret 92
44%
44 224 Saint Brieuc 22
44%
44 712 Sète 34
44%
66 363 Vénissieux 69
44%
96 205 Vitry-sur-seine 94
44%
86 135 Aulnay-sous-Bois 93
43%
66 760 Pessac 33
43%
63 232 Antony 92
41%
46 398 Charleville-Mézières 08
41%
55 616 Meaux 77
41%
60 800 Pantin 93
41%
58 424 Sarcelles 95
40%
89 662 Asnières-sur-Seine 92
39%
47 342 Aubagne 13
39%
53 936 Cholet 49
39%
64 849 Clichy 92
39%
62 763 La Seyne sur Mer 83
39%
81 943 Le Tampon 97-4
39%
78 186 Rueil-Malmaison 92
39%
48 568 Martigues 13
38%
71 363 Drancy 93
37%
40 399 Montelimar 26
37%
42 672 Castres 81
36%
39 648 Douai 59
36%
52 905 Bondy 93
35%
81 516 Courbevoie 92
35%
48 323 Grasse 06
35%
44 539 Mantes la jolie 78
35%
57 753 Villejuif 94
35%
43 892 Alès 30
34%
70 374 Noisy-le-Grand 93
34%
46 094 Noisy le Sec 93
34%
44 577 Istres 13
33%
48 798 Vincennes 94
33%
40 394 Compiègne 60
32%
50 962 Massy 91
32%
44 380 Saint Germain en Laye 78
32%
75 441 Saint-Maur des Fossés 94
32%
48 402 Les Sables d'Olonne 85
31%
52 845 Sevran 93
31%
77 724 Champigny-sur-Marne 94
30%
39 745 Draguignan 83
30%
58 257 Le Blanc Mesnil 93
30%
52 118 Les Abymes 971
30%
58 068 Maisons Alfort 94
30%
52 683 Corbeil Essonnes 91
29%
47 160 La Courneuve 93
29%
42 163 Thionville 57
29%
43 049 Bron 69
27%
52 580 Cagnes sur Mer 06
27%
47 657 Montrouge 92
27%
43 672 Puteaux 92
27%
48 822 Saint Priest 69
27%
52 139 Vaulx en Velin 69
27%
40 016 Poissy 78
26%
41 153 Anglet 64
25%
54 491 Clamart 92
25%
49 410 Gennevilliers 92
25%
49 104 Sûresnes 92
25%
54 309 Chelles 77
24%
45 655 Rosny sous bois 93
24%
57 150 Saint André 974
24%
49 537 Saint Herblain 44
24%
53 935 Saint Louis 974
23%
46 129 Choisy le roi 94
22%
45 225 Talence 33
22%
51 812 Fontenay-sous-Bois 94
21%
46 342 Meudon 92
21%
42 998 Rezé 44
21%
51 220 Sartrouville 78
21%
43 699 Bagneux 92
20%
39 366 Bagnolet 93
20%
43 572 Caluire et Cuire 69
20%
44 731 Salon de Provence 13
20%
40 159 Colomiers 31
19%
53 489 Épinay-sur-Seine 93
19%
42 841 Garges les Gonesse 95
18%
45 046 Alfortville 94
17%
39 356 Marcq en Baroeul 59
14%
41 597 Le Cannet 06
13%
46 028 Livry-Gargan 93
13%
40 359 Stains 93
13%
39 641 Le Lamentin 972
12%
50 250 Saint Laurent du Maroni 973
12%
40 839 Wattrelos 59
12%
40 189 Gagny 93
11%
40 500 Villenave d'Ornon 33
11%
38 807 Saint Joseph 974
9%
53 207 Saint Ouen sur Seine 93
9%
Aucun quiz correspondant
Distribution des résultats
% des personnes avec chaque résultat
Percentile par nombre de réponses
Votre historique - résultats
Vous n’avez pas pris ce quiz